Dance Moms Multiple Choice - Statistics

General Stats
  • This quiz has been taken 505 times
  • The average score is 14 of 25
Answer Stats
Question Answer % Correct
What place did the group dance The Last Text receive? 1st
90%
Whose hat fell off in Pink Lemonade? Chloe
81%
What was Kaya's preferred nickname? Black Patsy
74%
Which of Abby's friends was also Cathy's guest choreographer? John Culbertson
73%
Which event did NOT happen in season 4? Kendall joins the Candy Apples team
72%
Which duet was Nia not in? Run From Mother
69%
Who won the Most Improved scholarship at the Dance Concert in season 2? Nia
67%
Which solo did Maddie NOT perform twice ON THE SHOW? Bond Girl
66%
Which dance is often called "the dance that broke Dance Moms"? Two Sapphires
66%
Which dancer was recruited from AUDC? Kalani
65%
Which Candy Apples dancer performed a solo to Dream on a Star at the same competition when Chloe danced to that song? Taylor
62%
Why was Sarah H not in the group dance Gypsies Tramps and Thieves? Her mom called Abby "trash"
57%
Where was nationals in season 3? New Orleans
57%
Which Sarah won a solo while on the show? Sarah Hunt
56%
Who was not in the group dance Just Be? Brynn
51%
When did Abby open ALDCLA? Season 5
50%
Which was not a hip-hop dance? Love is War
49%
What did Mackenzie name the dog she got from Abby for Christmas? Maliboo
41%
Which dance was Kaleigh Cavanaugh in? Seven Dancers
40%
Who has never been a duet partner for Chloe? Brooke
36%
Which dance did not place (as shown on TV)? Another Season
35%
What happened during Mackenzie's solo Red? Her weave fell out
34%
Which season 8 dancer is originally from Pittsburgh? Sarah
30%
Which season 8 team member has not been to The Dance Awards (TDA)? GiaNina
29%
Which mom said the quote "Abby, you're not God!"? Holly
24%
No matching quizzes found
Score Distribution
Percent of People with Each Score
Percentile by Number Answered
Your Score History
You have not taken this quiz